Menej byrokracie vo verejnej správe

Dňa 29. mája 2018 podpísal prezident SR zákon, ktorého účelom je znížiť byrokraciu vo verejnej správe. Konkrétne je to zákon o niektorých opatreniach na znižovanie administratívnej záťaže využívaním informačných systémov verejnej správy (zákon proti byrokracii) a o zmene a doplnení niektorých zákono...

Descrizione completa

Salvato in:
Dettagli Bibliografici
Autore principale: Bystrická, Katarína
Natura: Capitolo di libro
Lingua:slovacco
Soggetti:
Tags: Aggiungi Tag
Nessun Tag, puoi essere il primo ad aggiungerne!!

MARC

LEADER 00000naa$a2200000$$$4500
001 0247961
005 20220317093004.3
041 0 |a slo 
044 |a SK 
245 1 0 |a Menej byrokracie vo verejnej správe  |c Katarína Bystrická 
520 |a Dňa 29. mája 2018 podpísal prezident SR zákon, ktorého účelom je znížiť byrokraciu vo verejnej správe. Konkrétne je to zákon o niektorých opatreniach na znižovanie administratívnej záťaže využívaním informačných systémov verejnej správy (zákon proti byrokracii) a o zmene a doplnení niektorých zákonov. 
610 2 0 |a zákony 
610 2 0 |a Slovensko 
610 2 0 |a správa verejná 
610 2 0 |a registre 
610 2 0 |a administratíva 
610 2 0 |a podnikatelia 
610 2 0 |a informácie 
610 2 0 |a služby elektronické 
100 1 |a Bystrická, Katarína